00331nam a2200133Ia 450000500170000000800410001702000150005808200130007310000180008624500220010426000340012630000190016065000180017920250430044826.0240331s9999 xx 000 0 und d a9559595202 bWEEa891 aWeerasinghe,T 0aNadunana gahaniya aColombobCRC publishersc1996 a60 p ., ( C 2) aShort Stories